Statistiken für PDC Dartsspieler mit den meisten Turniersiegen pro Jahr

Klicken Sie hier um das Quiz zu spielen!

Allgemein

  • Dieses Quiz wurde 122 mal gespielt
    (36 seit der letzten Aktualisierung)
  • Das Durchschnittsergebnis liegt bei 27 aus 32

Antwortstatistiken

JahrLandAnzahl TurniersiegeDartsspieler% Korrekt
2020Wales, Schottland7Gerwyn Price, Peter Wright
100%
2019Niederlande15Michael van Gerwen
100%
2018Niederlande18Michael van Gerwen
100%
2017Niederlande18Michael van Gerwen
100%
2016Niederlande25Michael van Gerwen
100%
2015Niederlande18Michael van Gerwen
100%
2014Niederlande10Michael van Gerwen
100%
2013Niederlande12Michael van Gerwen
100%
2022Niederlande10Michael van Gerwen
100%
2021Wales, Schottland6Peter Wright, Gerwyn Price,Jonny Clayton
100%
2012England, Niederlande8Phil Taylor,Michael van Gerwen
100%
2000England3Alan-Warriner-Little, Phil Taylor
97%
2002Kanada, England9John Part,Phil Taylor
97%
2003Kanada, England6John Part,Phil Taylor
97%
2010England13Phil Taylor
97%
2011England12Phil Taylor
97%
2008England23Phil Taylor
97%
2009England23Phil Taylor
97%
2006England10Phil Taylor
97%
2005England12Phil Taylor
97%
2004England9Phil Taylor
97%
2001England4Phil Taylor
97%
1999England3Phil Taylor
97%
1997England5Phil Taylor
97%
1996England3Phil Taylor
97%
1995England2Phil Taylor
97%
2007Niederlande10Raymond van Barneveld
91%
1994England3Dennis Priestley
53%
1993England2Alan-Warriner-Little
32%
1998England5Rod Harrington
9%
1992England1Mike Gregory
3%
2023Wales, England6Gerwyn Price, Luke Humphries
0%

Verteilung der Resultate

Perzentil nach korrekt beantworteten Fragen

Anzahl Personen mit jedem Resultat

Ihre Resultats-Entwicklung

Sie haben dieses Quiz seit der letzten Aktualisierung nicht gespielt